Gminy w Powiatach na P - Statystyki

Ogólne statystyki
  • Ten quiz został rozwiązany 20 razy
  • Średni wynik to 39 z 200
Statystyki odpowiedzi
Powiaty Gminy % Poprawnych
pabianicki Pabianice
67%
pińczowski Pińczów
67%
piski Pisz
67%
płoński Płońsk
67%
pruszkowski Pruszków
67%
parczewski Parczew
61%
piaseczyński Piaseczno
61%
pilski Piła
61%
pajęczański Pajęczno
56%
pleszewski Pleszew
56%
policki Police
56%
proszowicki Proszowice
56%
prudnicki Prudnik
56%
przasnyski Przasnysz
56%
przeworski Przeworsk
56%
pszczyński Pszczyna
56%
pucki Puck
56%
puławski Puławy
56%
polkowicki Polkowice
50%
przysuski Przysucha
50%
pułtuski Pułtusk
50%
pyrzycki Pyrzyce
50%
poddębicki Poddębice
44%
Swarzędz
44%
Hel
39%
Jastarnia
39%
Kostrzyn
39%
Luboń
39%
Nałęczów
39%
Piastów
39%
Biała
33%
Biała Piska
33%
Góra Kalwaria
33%
Konstancin-Jeziorna
33%
Ruciane-NIda
33%
Uniejów
33%
Władysławowo
33%
Bodzanów
28%
Brwinów
28%
Buk
28%
Czerwińsk nad Wisłą
28%
Drobin
28%
Kazimierz Dolny
28%
Mosina
28%
Nowe Warpno
28%
Tarczyn
28%
Wyrzysk
28%
Wyszogród
28%
Baranów
22%
Bielsk
22%
Brudzeń Duży
22%
płocki Gąbin
22%
Janowiec
22%
Końskowola
22%
Konstantynów Łódzki
22%
Łobżenica
22%
Michałów
22%
Murowana Goślina
22%
Nowe Miasto
22%
Nowy Duninów
22%
Orzysz
22%
Pobiedziska
22%
poznańcki Puszczykowo
22%
Raciąż
22%
Rozprza
22%
Słubice
22%
Słupno
22%
Sochocin
22%
Ujście
22%
Załuski
22%
Aleksandrów
17%
Bircza
17%
Bulkowo
17%
przemyski Dubiecko
17%
Działoszyn
17%
Dzierzążnia
17%
Gzy
17%
Kołbaskowo
17%
Komorniki
17%
Kórnik
17%
Koszyce
17%
Kurów
17%
Mała Wieś
17%
Medyka
17%
Michałowice
17%
Milanów
17%
Moszczenica
17%
Nadarzyn
17%
Nowe Brzesko
17%
Radzanowo
17%
Raszyn
17%
Sieniawa
17%
Staroźreby
17%
Suchy Las
17%
piotrkowski Sulejów
17%
Wąwolnica
17%
Wola Krzysztoporska
17%
Wolbórz
17%
Żyrzyn
17%
Baboszewo
11%
Chocianów
11%
Chorzele
11%
Czarnocin
11%
Dębowa Kłoda
11%
Dłutów
11%
Dobra (Szczecińska)
11%
Dobroń
11%
Dobrzyca
11%
Dopiewo
11%
Działoszyce
11%
Gizałki
11%
Gołuchów
11%
Gorzkowice
11%
Kaczory
11%
Kije
11%
Kobiór
11%
Koniusza
11%
Kosakowo
11%
Krasiczyn
11%
Krokowa
11%
Krzynowłoga Mała
11%
Łąck
11%
Lesznowola
11%
Lutomiersk
11%
Markuszów
11%
Naruszewo
11%
Pałecznica
11%
Podedwórze
11%
Potworów
11%
Prażmów
11%
Przelewice
11%
Przemków
11%
Radziemice
11%
Siemień
11%
Sosnowica
11%
Stara Biała
11%
Stubno
11%
Świercze
11%
Szydłowo
11%
Tarnowo Podgórne
11%
Adamówka
6%
Białośliwie
6%
Bielice
6%
Borkowice
6%
Chocz
6%
Czermin
6%
Czernice Borowe
6%
Czerwonak
6%
Dalików
6%
Fredropol
6%
Gać
6%
Gaworzyce
6%
Gielniów
6%
Głogówek
6%
Goczałkowice-Zdrój
6%
Grabica
6%
Grębocice
6%
Jabłoń
6%
Jednorożec
6%
Joniec
6%
Kańczuga
6%
Kleszczewo
6%
Klwów
6%
Kozielice
6%
Krasne
6%
Krzywcza
6%
Ksawerów
6%
Łęki Szlacheckie
6%
Lipiany
6%
Lubrza
6%
Miasteczko Krajeńskie
6%
Miedźna
6%
Nowa Brzeźnica
6%
Obryte
6%
Odrzywół
6%
Orły
6%
Pawłowice
6%
Pęczniew
6%
Pokrzywnica
6%
Radwanice
6%
Ręczno
6%
Rusinów
6%
Siemkowice
6%
Sulmierzyce
6%
Suszec
6%
Tryńcza
6%
Warnice
6%
Wartkowice
6%
Wieniawa
6%
Winnica
6%
Wysoka
6%
Zadzim
6%
Zarzecze
6%
Zatory
6%
Złota
6%
Żurawica
6%
Jawornik Polski
0%
Kiełczygłów
0%
Rząśnia
0%
Strzelce Wielkie
0%
Nie znaleziono quizów pasujących do podanych kryteriów
Rozkład punktacji
Procent ludzi z każdym wynikiem
Percentyl według liczby udzielonych odpowiedzi
Twoja historia wyników
Nie rozwiązałeś tego quizu